[Event "Campo Grande Brasil op"]
[Site "Campo Grande"]
[Date "2015.10.11"]
[Round "5"]
[White "Shimabuku, Isabeli Hikari Nish"]
[Black "Lemos, Camila De Oliveira"]
[Result "0-1"]
[WhiteElo "1800"]
[BlackElo "1700"]
[PlyCount "56"]
[EventDate "2015.10.09"]
[EventType "swiss"]
[EventRounds "7"]
[EventCountry "BRA"]
[SourceTitle "CBM 168 Extra"]
[Source "ChessBase"]
[SourceDate "2015.10.29"]
[SourceVersion "1"]
[SourceVersionDate "2015.10.29"]
[SourceQuality "1"]

1. d4 Nf6 2. Nf3 g6 3. e3 Bg7 4. Bd3 e6 5. 0-0 0-0 6. Bd2 d5 7. Nc3 Nc6 8. Rc1 a6 9. Na4 Rb8 10. Ne5 Nxe5 11. dxe5 Nd7 12. Bc4 b5 13. Bxd5 exd5 14. Bb4 Re8 15. Qxd5 Nxe5 16. Rcd1 Qxd5 17. Rxd5 bxa4 18. Bc5 Be6 19. Rxe5 Bxe5 20. Ba7 Rxb2 21. f3 Rxc2 22. a3 Bc4 23. f4 Bxf1 24. Kxf1 Bxf4 25. exf4 Ree2 26. g4 Rxh2 27. Kg1 Rhd2 28. Kf1 Rd1# 0-1

[Event "Campo Grande Brasil op"]
[Site "Campo Grande"]
[Date "2015.10.10"]
[Round "2"]
[White "Shimabuku, Isabeli Hikari Nish"]
[Black "Diniz, Debora Lais de And"]
[Result "0-1"]
[WhiteElo "1800"]
[BlackElo "1586"]
[PlyCount "46"]
[EventDate "2015.10.09"]
[EventType "swiss"]
[EventRounds "7"]
[EventCountry "BRA"]
[SourceTitle "CBM 168 Extra"]
[Source "ChessBase"]
[SourceDate "2015.10.29"]
[SourceVersion "1"]
[SourceVersionDate "2015.10.29"]
[SourceQuality "1"]

1. d4 Nf6 2. Nf3 g6 3. e3 d5 4. Be2 Bg7 5. 0-0 0-0 6. b3 Bf5 7. Bb2 Nbd7 8. Nbd2 c5 9. Bd3 Ne4 10. Nxe4 dxe4 11. Qd2 exd3 12. cxd3 Rc8 13. Bc3 Nb6 14. Ba5 cxd4 15. exd4 Re8 16. Bxb6 Qxb6 17. Rfe1 Qb5 18. Rab1 Bxd3 19. Qxd3 Qxd3 20. Rbd1 Qc2 21. Kh1 Qxf2 22. Ng1 Rc2 23. a4 Qxg2# 0-1

[Event "Campo Grande Brasil op"]
[Site "Campo Grande"]
[Date "2015.10.09"]
[Round "1"]
[White "Cespedes, Roman Josemar"]
[Black "Shimabuku, Isabeli Hikari Nish"]
[Result "1-0"]
[WhiteElo "1857"]
[BlackElo "1800"]
[PlyCount "59"]
[EventDate "2015.10.09"]
[EventType "swiss"]
[EventRounds "7"]
[EventCountry "BRA"]
[SourceTitle "CBM 168 Extra"]
[Source "ChessBase"]
[SourceDate "2015.10.29"]
[SourceVersion "1"]
[SourceVersionDate "2015.10.29"]
[SourceQuality "1"]

1. e4 d5 2. exd5 Nf6 3. c4 g6 4. Nc3 Bg7 5. d3 0-0 6. Nf3 Qe8 7. Bf4 Bd7 8. Bxc7 Na6 9. Bg3 Rc8 10. Be2 Bf5 11. 0-0 Rc5 12. Re1 Ra5 13. a3 Rc5 14. d6 exd6 15. Bxd6 Rc6 16. Bxf8 Qxf8 17. Nd4 Rd6 18. Nxf5 gxf5 19. Nb5 Rd8 20. Bf3 Ra8 21. Bxb7 Rb8 22. Bxa6 Rb6 23. Qa4 Rb8 24. Rab1 Rd8 25. d4 Rxd4 26. Nxd4 Ne4 27. Nxf5 Qe8 28. Qxe8+ Bf8 29. Rxe4 Kh8 30. Qxf8# 1-0